|
|
|
|
| LEADER |
00000cam a22000004a 4500 |
| 001 |
musev2_71576 |
| 003 |
MdBmJHUP |
| 005 |
20230905051356.0 |
| 006 |
m o d |
| 007 |
cr||||||||nn|n |
| 008 |
180227s2019 ncu o 00 0 eng d |
| 010 |
|
|
|z 2018009564
|
| 020 |
|
|
|a 9781478002338
|
| 020 |
|
|
|z 9781478000877
|
| 020 |
|
|
|z 9781478000662
|
| 035 |
|
|
|a (OCoLC)1048148071
|
| 040 |
|
|
|a MdBmJHUP
|c MdBmJHUP
|
| 100 |
1 |
|
|a Chen, Jian Neo,
|d 1972-
|e author.
|
| 245 |
1 |
0 |
|a Trans Exploits :
|b Trans of Color Cultures and Technologies in Movement /
|c Jian Neo Chen.
|
| 264 |
|
1 |
|a Durham :
|b Duke University Press,
|c 2019.
|
| 264 |
|
3 |
|a Baltimore, Md. :
|b Project MUSE,
|c 2020
|
| 264 |
|
4 |
|c ©2019.
|
| 300 |
|
|
|a 1 online resource (198 pages).
|
| 336 |
|
|
|a text
|b txt
|2 rdacontent
|
| 337 |
|
|
|a computer
|b c
|2 rdamedia
|
| 338 |
|
|
|a online resource
|b cr
|2 rdacarrier
|
| 490 |
0 |
|
|a ANIMA : critical race studies otherwise
|
| 505 |
0 |
|
|a Introduction: racial trans technologies -- Cultures: performing racial trans senses -- Networks: transcoding biogenetics and orgasm in the transnational digital economy -- Memory: the times and territories of trans woman of color becoming -- Movement: trans and gender nonconforming digital activisms and U.S. transnational empire -- Conclusion: trans voice in the house.
|
| 520 |
|
|
|a Jian Neo Chen examines how contemporary trans of color artists are tracking and resisting their displacement and social marginalization through new forms of cultural expression, performance, and activism.
|
| 588 |
|
|
|a Description based on print version record.
|
| 650 |
|
7 |
|a Transgender people.
|2 fast
|0 (OCoLC)fst01765239
|
| 650 |
|
7 |
|a Transgender artists.
|2 fast
|0 (OCoLC)fst01895683
|
| 650 |
|
7 |
|a Minority artists.
|2 fast
|0 (OCoLC)fst01023303
|
| 650 |
|
7 |
|a Minorities
|x Political activity.
|2 fast
|0 (OCoLC)fst01023202
|
| 650 |
|
7 |
|a Minorities.
|2 fast
|0 (OCoLC)fst01023088
|
| 650 |
|
7 |
|a SOCIAL SCIENCE / Gender Studies
|2 bisacsh
|
| 650 |
|
7 |
|a transgenderism.
|2 aat
|
| 650 |
|
6 |
|a Minorites
|x Activite politique.
|
| 650 |
|
6 |
|a Transgenres
|x Activite politique.
|
| 650 |
|
6 |
|a Artistes issus des minorites.
|
| 650 |
|
6 |
|a Artistes transgenres.
|
| 650 |
|
6 |
|a Transgenres.
|
| 650 |
|
0 |
|a Minorities
|x Political activity.
|
| 650 |
|
0 |
|a Transgender people
|x Political activity.
|
| 650 |
|
0 |
|a Minority artists.
|
| 650 |
|
0 |
|a Transgender artists.
|
| 650 |
|
0 |
|a Minorities.
|
| 650 |
|
0 |
|a Transgender people.
|
| 655 |
|
7 |
|a Electronic books.
|2 local
|
| 710 |
2 |
|
|a Project Muse.
|e distributor
|
| 830 |
|
0 |
|a Book collections on Project MUSE.
|
| 856 |
4 |
0 |
|z Texto completo
|u https://projectmuse.uam.elogim.com/book/71576/
|
| 945 |
|
|
|a Project MUSE - Custom Collection
|